| 000 | 00376nam a2200121Ia 4500 | ||
|---|---|---|---|
| 008 | 220615s9999||||xx |||||||||||||| ||und|| | ||
| 245 | 0 | _aRecent Developments in Video Surveillance | |
| 546 | _aEnglish[eng] | ||
| 650 | _aArtificial intelligence | ||
| 700 | _aEl-Alfy, Hazem | ||
| 856 | _uhttps://mts.intechopen.com/storage/books/906/authors_book/authors_book.pdf | ||
| 942 | _cEB | ||
| 999 |
_c11820 _d11820 |
||